| 000 | 00826nam a2200205 i 4500 | ||
|---|---|---|---|
| 001 | 137623 | ||
| 003 | ES-MaACL | ||
| 005 | 20251009190442.0 | ||
| 007 | t| | ||
| 008 | 070214s1930 cu r ||||1| spa d | ||
| 100 | 1 |
_aSalazar y Roig, Salvador. _9101835 |
|
| 245 | 1 | 0 |
_aJose Antonio Saco / _cdiscurso leído por el académico de número Dr. Salvador Salazar y Roig en la sesión solemne celebrada el 17 de mayo de 1930 al colocarse el retrato de aquel en la galería de historiadores de Cuba. |
| 260 |
_aLa Habana : _b[s. n.], _c1930 ( _fImp. Siglo XX) |
||
| 300 |
_a52 p. ; _c28 cm. |
||
| 594 | _aPrecede al tít.: Academia de la Historia de Cuba. | ||
| 600 | 1 | 4 |
_aSaco, José Antonio, _d1797-1879 _9101259 |
| 710 | 2 |
_aAcademia de la Historia de Cuba. _91183 |
|
| 852 |
_aES-MaACL _j1746-F-5 |
||
| 999 |
_c137623 _d137623 |
||